| 000 | 00813cam a2200253 i 4500 | ||
|---|---|---|---|
| 999 |
_c200449500 _d67712 |
||
| 003 | TR-AnTOB | ||
| 005 | 20220819115259.0 | ||
| 007 | ta | ||
| 008 | 041102s1961 tur tu | ||
| 040 |
_aTR-AnTOB _beng _erda _cTR-AnTOB |
||
| 041 | 0 | _atur | |
| 050 | 1 | 4 |
_aPL248.K3725 _bE746 1961 |
| 090 |
_aRARE PL 248.K3725 _bE746 1961 |
||
| 100 | 1 |
_aKaraosmanoğlu, Yakup Kadri, _d1889-1974 _97270 _eauthor |
|
| 245 | 1 | 0 |
_aErenlerin bağından: _bokun ucundan - kadınlık ve kadınlarımız ve diğer nesirler / _cYakup Kadri Karaosmanoğlu. |
| 264 | 1 |
_aİstanbul : _bRemzi Kitabevi, _c1961. |
|
| 300 |
_a119 pages ; _c20 cm |
||
| 336 |
_2rdacontent _atext _btxt |
||
| 337 |
_2rdamedia _aunmediated _bn |
||
| 338 |
_2rdacarrier _avolume _bnc |
||
| 650 | 0 |
_986354 _aTürk edebiyatı |
|
| 942 |
_cBK _2lcc |
||